000 00758nam a2200289Ia 4500
005 20260324111538.0
008 008 260324s9999 xx 000 0 eng d
020 _a9781003423164
037 _aEBOOK
040 _aCRL
040 _beng
040 _cCRL
041 _2eng
041 _aeng
084 _qCRL
100 _aMark Scott; John Sturzaker; Nick Gallent; Gavin Parker; Ian Mell; Amy Burnett
_91139007
245 0 _aRural Planning Futures
245 0 _bPrinciples, Policy and Practice in the UK and Ireland
260 _bTaylor and Francis
260 _c2025
365 _a
365 _b230
856 _uhttp://www.taylorfrancis.com/books/9781003423164
942 _cEBOOK
999 _c1727871
_d1727871